বৈরী বৃষ্টিতে / (Record no. 3762)
[ view plain ]
| 000 -LEADER | |
|---|---|
| fixed length control field | 00681nam a2200217 a 4500 |
| 001 - CONTROL NUMBER | |
| JCCL Control Number | 3762 |
| 003 - CONTROL NUMBER IDENTIFIER | |
| JCCL marc code | BD-JhCC |
| 005 - DATE AND TIME OF LATEST TRANSACTION | |
| control field | 20171118123631.0 |
| 008 - FIXED-LENGTH DATA ELEMENTS--GENERAL INFORMATION | |
| fixed length control field | 171118s1965 bg |||| |||| 000 0 ben d |
| 035 ## - SYSTEM CONTROL NUMBER | |
| system control number | (BD-JhCC) 3762 |
| 040 ## - CATALOGING SOURCE | |
| Original cataloging agency | BD-JhCC |
| Modifying agency | BD-JhCC |
| 041 ## - LANGUAGE CODE | |
| Language code of Book | ben |
| 082 ## - DEWEY DECIMAL CLASSIFICATION NUMBER | |
| Classification number | 891.4415 |
| Author mark and Year | ZAF 1965 |
| 100 ## - MAIN ENTRY--PERSONAL NAME | |
| Personal name | সিকানদার আবু জাফর |
| 245 ## - TITLE STATEMENT | |
| Title | বৈরী বৃষ্টিতে / |
| Statement of responsibility, etc | জাফর, সিকানদার আবু |
| 260 ## - PUBLICATION, DISTRIBUTION, ETC. (IMPRINT) | |
| Place of publication, distribution, etc | ঢাকা : |
| Name of publisher, distributor, etc | সময় প্রকাশনী, |
| Date of publication, distribution, etc | ১৯৬৫. |
| 300 ## - PHYSICAL DESCRIPTION | |
| Pagination | ৮০ পৃ. : |
| Dimensions | ২১ সেমি. |
| 650 ## - SUBJECT ADDED ENTRY--TOPICAL TERM | |
| Topical term or geographic name as entry element | bengali poetry |
| 942 ## - ADDED ENTRY ELEMENTS (KOHA) | |
| Source of classification or shelving scheme | Dewey Decimal Classification |
| Koha item type | Books |
| Source of classification or shelving scheme | Damaged status | Not for loan | Home library | Current library | Shelving location | Date of accession | Cost, normal purchase price | Total Checkouts | Full call number | Barcode | Date last seen | Copy number | Koha item type |
|---|---|---|---|---|---|---|---|---|---|---|---|---|---|
| Dewey Decimal Classification | JCC Rouf Library | JCC Rouf Library | General Stacks | 11/18/2017 | 3.00 | 891.4415 ZAF 1965 | 5410 | 11/18/2017 | C-1 | Books |